000 00412pab a2200145 454500
008 180718b2004 xxu||||| |||| 00| 0 eng d
100 _aMenon, Nivedita
245 _aRefusing globalisation and the authentic nation: feminist politics in current conjuncture
260 _c2004
300 _ap.100-04.
362 _a3 Jan
650 _aGlobalization
773 _aEconomic and Political Weekly
909 _a59132
999 _c59132
_d59132